000 01109nam a2200301 a 4500
003 CO-PeBPR
005 20260413155950.0
008 260413b |||||||| |||| 00| 0 eng d
020 _a9786289531213
040 0 _aCO-PeBPR
_bspa
_cCO-PeBPR
_erda
041 0 _hspa
082 0 4 _a770 C172g
100 1 _aCamacho, Chelo
_eautor
245 1 0 _aGuardianxs de semillas
_c/ Chelo Camacho y Nathalia Angarita: edición Santiago Escobar Jaramillo... [y otros tres]
250 _a Primera edición
264 1 _aBogotá, Colombia
_b: Matiz Taller Editorial
_c, 2022
300 _a150 páginas
_b: ilustraciones, fotografías a color
_c; 25 centímetros
336 _atexto
_btxt
_crdacontenido
337 _asin mediación
_bn
_2rdamedio
338 _avolumen
_bnc
_2rdasoporte
490 _aPlan Nacional de Lectura y Escritura Leer es mi Cuento / Ministerio de Cultura
650 1 4 _2LEMB
_aCultivos hortícolas
650 1 4 _2LEMB
_aAspectos ambientales
_xFotografías
700 1 _aAngarita, Nathalia
_efotógrafa
700 1 _aUsma, Janeth
_eeditora
700 1 _aCamacho, Chelo
_efotógrafo
942 _2ddc
_cBK
999 _c17704
_d17704